| 000 | 00348nam a2200133Ia 4500 | ||
|---|---|---|---|
| 008 | 240624s9999 xx 000 0 und d | ||
| 041 | _aeng | ||
| 082 | _a368 TRI | ||
| 100 | _aTRIPATHY NALINI PRAVA | ||
| 245 | _aINSURANCE THEORY PRACTICE | ||
| 260 |
_c2005 _aNew Delhi _bPrentice-Hall of India |
||
| 300 | _axvi, : 236 : p. : cm. ; 25 | ||
| 365 | _cRS | ||
| 999 |
_c2742 _d2742 |
||